01133nam a2200277Ia 4500001001200000003000800012006001900020007001500039008004100054040002100095035002100116050002300137245015500160260003800315300001600353504005100369533015200420650002100572650001700593655002900610700002000639700002800659700002500687710001700712856012600729ebr10269590CaPaEBRm u cr cn|||||||||060605s2007 nyu sb 001 0 eng d aCaPaEBRcCaPaEBR a(OCoLC)64678866314aBF449b.S65 2007eb00aSolving life's problemsh[electronic resource] :ba 5-step guide to enhanced well-being /cArthur M. Nezu, Christine Maguth Nezu, Thomas J. D'Zurilla. aNew York, NY :bSpringer,cc2007. avii, 124 p. aIncludes bibliographical references and index. aElectronic reproduction.bPalo Alto, Calif. :cebrary,d2009.nAvailable via World Wide Web.nAccess may be limited to ebrary affiliated libraries. 0aProblem solving. 0aLife skills. 7aElectronic books.2local1 aNezu, Arthur M.1 aNezu, Christine Maguth.1 aD'Zurilla, Thomas J.2 aebrary, Inc.40uhttp://site.ebrary.com/lib/rucke/Doc?id=10269590zAn electronic book accessible through the World Wide Web; click to view